La discographie de Ateez - Statistiques

Statistiques générales
  • Ce quiz a été pris 158 fois
    15 depuis la dernière actualisation
  • Le résultat moyen est 74 sur 145
Statistiques - réponses
Réponse % Correct
Adrenaline
89%
Ash
89%
Bouncy (K-Hot Chilli Peppers)
89%
Hala Hala
89%
Halazia
89%
Ice On My Teeth
89%
Lemon Drop
89%
Pirate King
89%
Say My Name
89%
Treasure
89%
Work
89%
Answer
78%
Deja Vu
78%
Dune
78%
Empty Box
78%
Fireworks (I'm The One)
78%
Ghost
78%
Guerrilla
78%
In Your Fantasy
78%
Man On Fire
78%
Matz
78%
Nasa
78%
Outlaw
78%
Paradigm
78%
The Black Cat Nero
78%
Wave
78%
Win
78%
Wonderland
78%
Arriba
67%
Birthday
67%
Blind
67%
Castle
67%
Crazy Form
67%
Creep
67%
Dancing Like Butterfly Wings
67%
Django
67%
Emergency
67%
Enough
67%
Illusion
67%
Inception
67%
It's You
67%
Legacy
67%
Limitless
67%
NO1
67%
Not Okay
67%
On The Road
67%
Roar
67%
Sagittarius
67%
Selfish Waltz
67%
Shaboom
67%
Silver Light
67%
Skin
67%
Slide To Me
67%
Thanxx
67%
This World
67%
Youth
67%
Aurora
56%
Bridge : The Edge Of Reality
56%
Choose
56%
Eternal Sunshine
56%
Everything
56%
Fever
56%
Golden Hour
56%
Masterpiece
56%
Mist
56%
Now This House Ain't A Home
56%
Rocky
56%
Sector 1
56%
Take Me Home
56%
The Letter
56%
Tippy Toes
56%
To Be Your Light
56%
To The Beat
56%
Turbulence
56%
Twilight
56%
Utopia
56%
Wake Up
56%
Be With You
44%
Crescendo
44%
Cyberpunk
44%
Desire
44%
Dreamers
44%
Horizon
44%
Intro : Long Journey
44%
New World
44%
Outro : Long Journey
44%
Precious
44%
Precious (Overture)
44%
Promise
44%
Scene 1 : Value
44%
Siren
44%
Stay
44%
Thank U
44%
The Real
44%
WDIG (Where Do I Go)
44%
With U
44%
Beginning Of The End
33%
Crescent
33%
Days
33%
Dazzling Light
33%
Deep Dive
33%
End Of The Beginning
33%
Feeling Like I Do
33%
Good Lil Boy
33%
Light
33%
My Way
33%
Propaganda
33%
Star 1117
33%
The King
33%
The Leaders
33%
We Know
33%
12 Midnight
22%
All About You
22%
Celebrate
22%
Crescent Part.2
22%
Dear Diary : 2016.07.29
22%
Diamond
22%
Don't Stop
22%
Face
22%
Fin : Will
22%
Forevermore
22%
Hush-Hush
22%
If Without You
22%
Not Too Late
22%
Outro : Over The Horizon
22%
Royal
22%
Still Here
22%
Sunrise
22%
The Ring
22%
A Little Space
11%
Be My Lover
11%
Blue Summer
11%
Call Me Anytime
11%
Dreamy Day
11%
One Day At A Time
11%
Time Of Love
11%
White Love
11%
Better
0%
Declaration
0%
Let's Get Together
0%
Outro : Blue Bird
0%
Aucun quiz correspondant
Distribution des résultats
% des personnes avec chaque résultat
Percentile par nombre de réponses
Votre historique - résultats
Vous n’avez pas pris ce quiz depuis la dernière actualisation